| 000 | 01039nam a22002657a 4500 | ||
|---|---|---|---|
| 005 | 20260322202112.0 | ||
| 008 | 260129b |||||||| |||| 00| 0 eng d | ||
| 041 | _aeng | ||
| 082 |
_a492.7 _bKHA |
||
| 100 | _aKhatun, Amina. | ||
| 245 | _aA comparative study on the novels of Naguib Mahfouz and Syed Abdul Malik with special reference to Al Hubb Taht Al Matar and Aghari Atmar Kahini / | ||
| 260 |
_c2025. _eARB |
||
| 300 | _axiv ; 243p. | ||
| 650 | _aComparative literature—Arabic and Assamese | ||
| 650 | _aComparative literature—Assamese and Arabic | ||
| 650 | _aArabic fiction—20th century—History and criticism | ||
| 650 | _aAssamese fiction—20th century—History and criticism | ||
| 650 | _aLove stories—History and criticism | ||
| 650 | _aSocial problems in literature | ||
| 650 | _aMan-woman relationships in literature | ||
| 650 | _aPsychological fiction—History and criticism | ||
| 700 | _aAhmed, Farid Uddin. | ||
| 856 | _uhttps://shodhganga.inflibnet.ac.in/handle/10603/691799 | ||
| 942 | _cTHS | ||
| 999 |
_c67726 _d67726 |
||